3B La comida - Spanish to English Quiz Stats

 Plays Quiz not verified by Sporcle

Score 0/48 Timer 10:00
0 Plays Today
Hint Answer % Correct
la carnemeat
81.5%
el pescadofish
77.8%
el pollochicken
77.8%
los tomatestomatoes
70.4%
el arrozrice
66.7%
la cenadinner
63%
la lechugalettuce
63%
la cebollaonion
59.3%
las papaspotatoes
59.3%
las uvasgrapes
59.3%
el heladoice cream
59.3%
el bistecbeefsteak
51.9%
las zanahoriascarrots
51.9%
los espaguetisspaghetti
51.9%
la mantequillabutter
51.9%
las judías verdesgreen beans
48.1%
los cerealesgrains
44.4%
las bebidasbeverages
44.4%
(tú) hacesyou do
44.4%
los guisantespeas
40.7%
las grasasfats
40.7%
Tengo hambre.I'm hungry
40.7%
Tengo sed.I’m thirsty
40.7%
(yo) hagoI do
40.7%
Hint Answer % Correct
(yo) prefieroI prefer
40.7%
(tú) prefieresyou prefer
40.7%
caminarto walk
37%
hacer ejercicioto exercise
37%
levanter pesasto lift weights
37%
¿Por qué?Why
37%
los pastelespastries
33.3%
muchosmany
33.3%
horriblehorrible
33.3%
malobad
29.6%
para la saludfor one's health
25.9%
porquebecause
25.9%
todosall
25.9%
debershould, must
22.2%
cada díaevery day
22.2%
para mantener la saludto maintain one's health
18.5%
creerto think
18.5%
Creo que sí.I think so.
18.5%
algosomething
14.8%
sabrosatasty
14.8%
Creo que…I think
11.1%
Estoy de acuerdo.I agree
11.1%
Creo que no.I don’t think so
3.7%
No estoy de acuerdo.I don’t agree
3.7%

You're not logged in!

Compare scores with friends on all Sporcle quizzes.
OR
Log In

Sporcle TV

Today on Sporcle TV


Watch our educational content, quiz creation guides, and fun videos on Sporcle TV.

Show Comments

Extras

Top Quizzes Today


Score Distribution

Your Account Isn't Verified!

In order to create a playlist on Sporcle, you need to verify the email address you used during registration. Go to your Sporcle Settings to finish the process.

Report this User

Report this user for behavior that violates our Community Guidelines.

Details: